000
00336nam a2200169Ia 4500
100
_a
Kaushik/Avinash
650
_a
web analytics
942
_c
BK
366
_f
20
654
_a
web analytics
245
_a
Web analytics 2.0
260
_b
sybex
_c
2010
082
_a
4.65
_b
KAU
300
_a
475
546
_a
ENGLISH
999
_c
29007
_d
29007